000 00627nam a2200205Ia 4500
008 191130s1998##################000#0#eng##
020 _a9789057025457
040 _aACL
_cACL
082 _a612.64 RAN
100 _aRana, Waheed
245 _aHuman embryology made easy
_cM. Waheed Rana
260 _aAmsterdam
_bHarwood Academic Publishers
_cc1998
300 _axviii, 351 p. : col.ill. ; 28 cm. ; spiral bound
500 _aIncludess col.plates
650 _aEmbryology
650 _aEmbryology, Human -- Problems, exercises, etc
990 _aea6d4612ac10000c0605897bf3ef1d5a
991 _a71206
999 _c209013
_d209013